Statistics for Southern Hemisphere by Picture

Click here to take the quiz!

General Stats

  • This quiz has been taken 27 times
  • The average score is 11 of 20

Answer Stats

Answer% Correct
Sydney
100%
Madagascar
90%
Machu Picchu
90%
Uruguay
86%
Antarctica
86%
Great Barrier Reef
76%
Uluru
76%
Amazon
71%
Ipanema
57%
New Zealand
52%
Atacama
52%
Bali
48%
Iguazu Falls
43%
Cape Town
43%
Aconcagua
38%
Maracanã
33%
Kruger
29%
Río de la Plata
29%
Soweto
19%
Salvador
14%

Score Distribution

Percentile by Number Answered

Percent of People with Each Score

Your Score History

You have not taken this quiz